| 000 | 00911nam a2200181 a 4500 | ||
|---|---|---|---|
| 001 | 49920 | ||
| 005 | 20180714034807.0 | ||
| 008 | 140415s2006 mx 000 0 spa d | ||
| 041 | _aspa | ||
| 082 |
_a711.372 _bPRO |
||
| 245 | 0 | 0 |
_aPROGRAMA DE DESARROLLO URBANO SUSTENTABLE DEL MUNICIPIO DE PUEBLA : _bANTEPROYETO |
| 250 | _a1a ed. | ||
| 260 |
_aMEXICO : _bHEROICA PUEBLA DE ZARAGOZA, _c2006 |
||
| 300 |
_a _c26.6 x 0.4 x 39.2 |
||
| 500 | _aCOLECCIÓN PUEBLA | ||
| 520 | _aPUEBLA ES UN MUNICIPIO QUE CUENTA CON GRANDES RECURSOS Y POTENCIALIDADES EN SU CAPACIDAD PRODUCTIVA Y COMPETITIVA LAS QUE CONSTITUYEN A LA VEZ OPORTUNIDADES DE UN DESARROLLO SOLIDO. A LO LARGO DE MAS DE 546 KILOMETROS CUADRADOS DE SUPERFICIE, CERCA DE MILLON Y MEDIO DE PERSONAS (INEGI 2005)DESARROLLAN INFINIDAD DE ACTIVIDADES ECONOMICAS, POLITICAS, SOCIALES Y CULTURALES | ||
| 650 | 1 | 4 |
_aPLANIFICACION REGIONAL _xPUEBLA |
| 999 |
_c49920 _d49920 |
||